000 00348nam a2200145Ia 4500
008 230917s9999||||xx |||||||||||||| ||und||
040 _e214545
_aMAIN
041 _aEnglish
082 _a829.443 M278M
100 _aMahasweta Devi
245 0 _aMother of 1084
260 _aCalcutta
_bSeagull Books
_c1997
300 _axix, 127 p.
942 _cBK
999 _c173961
_d173961